Les Nebuleuses Planetaries (Record no. 9290)

MARC details
000 -LEADER
fixed length control field 00608nam a2200181Ia 4500
003 - CONTROL NUMBER IDENTIFIER
control field IN-BaIIA
008 - FIXED-LENGTH DATA ELEMENTS--GENERAL INFORMATION
fixed length control field 211028s9999 xx 000 0 eng d
040 ## - CATALOGING SOURCE
Transcribing agency IIA Library
080 ## - UNIVERSAL DECIMAL CLASSIFICATION NUMBER
Universal Decimal Classification number 524.5
Item number LES
110 ## - MAIN ENTRY--CORPORATE NAME
Corporate name or jurisdiction name as entry element Observatorie de Strasbourg
9 (RLIN) 15631
245 #0 - TITLE STATEMENT
Title Les Nebuleuses Planetaries
Statement of responsibility, etc. Observatorie de Strasbourg
260 ## - PUBLICATION, DISTRIBUTION, ETC.
Place of publication, distribution, etc. Strasbourg
Name of publisher, distributor, etc. Observatoire De Strasbourg
Date of publication, distribution, etc. 1986
300 ## - PHYSICAL DESCRIPTION
Extent 111p.
490 ## - SERIES STATEMENT
Series statement Comptes Rendus Sur Les Journees de Strasbourg 8 eme Reunion
650 ## - SUBJECT ADDED ENTRY--TOPICAL TERM
Topical term or geographic name entry element Astronomy and astrophysics thesaurus
650 ## - SUBJECT ADDED ENTRY--TOPICAL TERM
Topical term or geographic name entry element Planetary nebulae
9 (RLIN) 5510
942 ## - ADDED ENTRY ELEMENTS (KOHA)
Koha item type Books
Holdings
Withdrawn status Lost status Damaged status Not for loan Home library Current library Shelving location Date acquired Total Checkouts Full call number Barcode Date last seen Price effective from Koha item type
        IIA Library-Bangalore IIA Library-Bangalore General Stacks     524.5/ LES 10197 05/11/2021   Books

Powered by Koha